Statistics for Most Successful Galway GAA Club

Click here to take the quiz!

General Stats

  • This quiz has been taken 4 times
  • The average score is 15 of 47

Answer Stats

ClubCounty Football TitlesProvincialNationalCounty Hurling TitlesProvincialNationalTotal% Correct
Athenry00088319
100%
St Thomas'000140014
100%
Tuam Stars251000025
100%
Castlegar000174122
75%
Corofin2110500036
75%
Kiltormer0005319
75%
Moycullen2100003
75%
Sarsfields00077014
75%
Ballinasloe0001001
50%
Clarinbridge0002133
50%
Dunmore MacHales151000016
50%
Gort0007209
50%
Liam Mellow00091010
50%
Loughrea2002105
50%
Salthill Knocknacarra3210006
50%
St Grellan's, Ballinasloe201000021
50%
Turloughmore0008109
50%
An Cheathrú Rua1000001
25%
Annaghdown5000005
25%
Ardrahan000113014
25%
Caherlistrane1000001
25%
Caltra1110003
25%
Craughwell0005005
25%
Father Griffins7200009
25%
Killimor0001001
25%
Killimordaly0001102
25%
Milltown2000002
25%
Mountbellew-Moylough5000005
25%
Mullagh0003003
25%
Portumna00063413
25%
Abbeyknockmoy0001001
0%
Army (Renmore)2002004
0%
Athenry de Wets3000003
0%
College Road0002002
0%
Derrydonnell0001001
0%
Fohenagh0002002
0%
Galway Gaels1000001
0%
Kilconiernon0003003
0%
Killerierin6200008
0%
Meelick0001001
0%
Monivea-Abbey1000001
0%
Oranmore-Maree0001001
0%
Oughterard1000001
0%
Tommy Larkins0003104
0%
Tuam Krugers1000001
0%
Tynagh0005005
0%
UCG3000003
0%

Score Distribution

Percentile by Number Answered

Percent of People with Each Score

Your Score History

You have not taken this quiz